[Event "Netanya-A"]
[Site "Netanya"]
[Date "1973.??.??"]
[Round "1"]
[White "Camara, Helder"]
[Black "Friedman, Shmuel"]
[Result "1-0"]
[WhiteElo "2405"]
[BlackElo "2200"]

1.d4 Nf6 2.c4 g6 3.Nc3 d5 4.Nf3 Bg7 5.Bf4 O-O 6.e3 c5 7.Rc1 cxd4 8.exd4 Nc6
9.Be2 Bg4 10.c5 Nh5 11.Be3 e6 12.h3 Bxf3 13.Bxf3 e5 14.Ne2 Nf6 15.dxe5 Nxe5
16.O-O Nxf3+ 17.gxf3 Nh5 18.Qd2 Re8 19.Ng3 Nxg3 20.fxg3 Qd7 21.Kg2 Bxb2 22.Rc2 Bg7
23.Bd4 Qa4 24.Bxg7 Kxg7 25.Rf2 d4 26.Rb2 Rad8 27.Rxb7 d3 28.Rb4 Qa3 29.Rh4 h5
30.Rc4 Qa6 31.Rc1 Re6 32.Qc3+ Kg8 33.c6 d2 34.c7 Rde8 35.Qxd2 Re2 36.Qxe2  1-0

[Event "Netanya-A"]
[Site "Netanya"]
[Date "1973.??.??"]
[Round "1"]
[White "Kavalek, Lubomir"]
[Black "Domnitz, Zadok"]
[Result "1-0"]
[WhiteElo "2565"]
[BlackElo "2350"]

1.c4 Nf6 2.Nf3 g6 3.g3 Bg7 4.Bg2 O-O 5.O-O d6 6.d4 Nc6 7.Nc3 a6 8.d5 Na5
9.b3 c5 10.dxc6 bxc6 11.Bb2 Rb8 12.Qd2 Be6 13.Nd1 c5 14.Ng5 Bd7 15.Ne3 h6
16.Nh3 Nc6 17.Nf4 Nd4 18.Bc3 e6 19.Rad1 Qc8 20.Nc2 e5 21.Nd5 Nxd5 22.Bxd5 Be6
23.Bg2 Bh3 24.e3 Bxg2 25.Kxg2 Nf5 26.f3 h5 27.h3 Re8 28.g4 Nh4+ 29.Kg3 Qd8
30.Qxd6 Qg5 31.Qxc5 Nf5+ 32.Kh2 Bf8 33.Qd5 Nxe3 34.Nxe3 Qxe3 35.Qd2 Qxd2+
36.Rxd2 Bh6 37.Rd7 Bf4+ 38.Kg2 hxg4 39.hxg4 Ra8 40.Bd2 a5 41.Re1 Bxd2 42.Rxd2 Re7
43.c5 Kg7 44.Rd5 Kf6 45.Re4 Rb8 46.f4 Rb4 47.fxe5+ Kg5 48.Rxb4 axb4 49.Kf3 Re6
50.Rd4 Rxe5  1-0

[Event "Netanya-A"]
[Site "Netanya"]
[Date "1973.??.??"]
[Round "1"]
[White "Kraidman, Yair"]
[Black "Tatai, Stefano"]
[Result "1-0"]
[WhiteElo "2455"]
[BlackElo "2460"]

1.d4 Nf6 2.c4 g6 3.Nc3 Bg7 4.e4 O-O 5.Be3 d6 6.f3 Nc6 7.Nge2 a6 8.Nc1 e5
9.d5 Nd4 10.Nb3 Nxb3 11.Qxb3 Nd7 12.O-O-O f5 13.exf5 gxf5 14.Qc2 Nf6 15.Bd3 Kh8
16.h3 Bd7 17.g4 b5 18.Rdg1 b4 19.Nd1 e4 20.fxe4 fxe4 21.Be2 c5 22.g5 Ng8
23.Bg4 Re8 24.Rf1 Ra7 25.Qh2 Re5 26.Rf7 Re7 27.Rxg7 Rxg7 28.Qxd6 Qc7 29.Qxc5 Qxc5
30.Bxc5 Rc7 31.Bxb4 Rxc4+ 32.Bc3 Bxg4 33.hxg4 Rxc3+ 34.bxc3 Rxg5 35.Ne3 Ne7
36.c4 Kg7 37.Kd2 Rg6 38.Kc3 Rb6 39.Nf5+ Nxf5 40.gxf5 e3 41.Re1 Kf6 42.Rxe3 Kxf5
43.c5 Rb1 44.c6  1-0

[Event "Netanya-A"]
[Site "Netanya"]
[Date "1973.??.??"]
[Round "1"]
[White "Porath, Yosef"]
[Black "Damjanovic, Mato"]
[Result "0-1"]
[WhiteElo "2340"]
[BlackElo "2465"]

1.d4 Nf6 2.c4 c5 3.Nf3 g6 4.Nc3 Bg7 5.e4 O-O 6.Be2 d6 7.O-O Nc6 8.d5 Ne5
9.Nxe5 dxe5 10.Be3 b6 11.Qd2 Ne8 12.a3 Nd6 13.b4 Qc7 14.bxc5 bxc5 15.f3 Bd7
16.Nb5 Qb6 17.Rab1 Rfb8 18.Bd3 Nb7 19.Rb2 a6 20.Nc3 Qc7 21.Rfb1 Nd6 22.Rxb8+ Rxb8
23.Rxb8+ Qxb8 24.Bxc5 Qc8 25.Qf2 Bf8 26.Bb4 Nb7 27.a4 e6 28.Bxf8 Kxf8 29.Qb6 Qc5+
30.Qxc5+ Nxc5 31.Bc2 Ke7 32.Kf2 Kd6 33.Ke3 h6 34.g3 g5 35.f4 exf4+ 36.gxf4 e5
37.fxg5 hxg5 38.a5 Nb7 39.Ba4 Bh3 40.Be8 Nxa5 41.Bxf7 Nxc4+ 42.Kf2 Bd7 43.Ke2 Kc5
44.Kd3 Nd6 45.Bh5 a5 46.Bd1 Nc4 47.Bb3 Nb6 48.Na2 Nc8 49.Bc2 Nd6 50.Nc3 Kb4
51.Na2+ Ka3 52.Nc3 Bc8 53.Ba4 Ba6+ 54.Kc2 Bc4 55.Bd7 Bb3+ 56.Kd3 Kb4 57.Nb1 a4
58.Bxa4 Bxa4 59.Nd2 Bb5+ 60.Ke3 Nc4+ 61.Nxc4 Kxc4 62.Kf3 Bd7  0-1

[Event "Netanya-A"]
[Site "Netanya"]
[Date "1973.??.??"]
[Round "1"]
[White "Reshevsky, Samuel Herman"]
[Black "Pachman, Ludek"]
[Result "1/2-1/2"]
[WhiteElo "2565"]
[BlackElo "2510"]

1.c4 Nf6 2.Nc3 e6 3.Nf3 d5 4.d4 c5 5.cxd5 Nxd5 6.e3 Nc6 7.Bd3 Be7 8.O-O O-O
9.Re1 b6 10.Ne4 cxd4 11.exd4 Ncb4 12.Bb1 Nf6 13.Nxf6+ Bxf6 14.a3 Nd5 15.Qd3 g6
16.Bh6 Bg7 17.Qd2 Bb7 18.Be4 Qe7 19.Ne5 Rfd8 20.h4 Bxh6 21.Qxh6 Nf6 22.Bxb7 Qxb7
23.Rad1 Rac8 24.Rd3 Qe7 25.g4 Nd5 26.Nf3 Qf8 27.Qd2 Qd6 28.Re5 Qc6 29.Kg2 Qc1
30.Re1 Qxd2 31.Rxd2 Rc7 32.Kg3 h6 33.Ne5 Rdc8 34.Red1 Rc2 35.Kf3 Rxd2 36.Rxd2 Rc1
37.Nd3 Rh1 38.Kg3 Kg7 39.f3 Kf6 40.Nf4 Nxf4 41.Kxf4 Rxh4 42.d5 exd5 43.Rxd5 Rh2
44.Rd7 Rxb2 45.Rxa7 Rb5 46.Kg3 Ra5 47.Rc7 Rc5 48.Rb7 Rc6 49.a4 Ke6 50.Ra7 f5
51.gxf5+ Kxf5 52.a5 bxa5 53.Rxa5+ Kf6 54.f4 Rc3+ 55.Kg2 h5 56.Re5  1/2-1/2

[Event "Netanya-A"]
[Site "Netanya"]
[Date "1973.??.??"]
[Round "1"]
[White "Romm, Meir"]
[Black "Czerniak, Moshe"]
[Result "0-1"]
[WhiteElo "2200"]
[BlackElo "2370"]

1.e4 g6 2.d4 Bg7 3.Nc3 d6 4.f4 c6 5.Be3 Qb6 6.Qd2 Qxb2 7.Rb1 Qa3 8.Nf3 Nf6
9.h3 O-O 10.Bd3 Qa5 11.g4 Nbd7 12.f5 c5 13.Rb5 Qc7 14.dxc5 Nxc5 15.Rxc5 dxc5
16.e5 Nd7 17.Nd5 Nxe5 18.Nxc7 Nxf3+ 19.Ke2 Nxd2 20.Kxd2 b6 21.Nxa8 Bb7 22.Re1 Rxa8
23.Bg5 e6 24.fxe6 fxe6 25.Rxe6 Bd5 26.Re7 Bxa2 27.Be4 Rd8+ 28.Kc1 Bc3 29.Rxa7 Rf8
30.Ra8 Rxa8 31.Bxa8 Kf7 32.Bd2 Be5 33.Bg5 Ke6 34.Bb7 Bd5 35.Bc8+ Kd6 36.Be3 Bg2
37.g5 Be4 38.Kd2 b5 39.h4 Bg3 40.Ba6 Kc6 41.c4 b4 42.Bb5+ Kb6 43.Ba4 Bxh4
44.Bf4 Bf2 45.Bd6 Bd4 46.Bf8 Bb1 47.Bb3 Kc7 48.Ke2 Kd7 49.Kf3 Ke6 50.Kg4 Ke5
51.Kf3 Be4+ 52.Ke2 Kf5 53.Be7 Ke6 54.Bf8 Bg1 55.Ba4 Ke5 56.Bb3 Bb1 57.Be7 Ke4
58.Bf8 Bd3+ 59.Kd1 Be3 60.Be7 Ke5 61.Ke1 Ke6 62.Bf8 Kd7 63.Ba4+ Kc7 64.Bb3 Kc6
65.Bh6 Kb6 66.Kd1 Bf4 67.Ke1 Be4 68.Ke2 Bc6 69.Kd3 Ka5 70.Bf8 Ba4 71.Kc2 Bxb3+
72.Kxb3 Kb6 73.Bh6 Kc6 74.Kc2 Kd7 75.Kd3 Ke6 76.Ke4 Bc1 77.Kd3 Kf7  0-1

[Event "Netanya-A"]
[Site "Netanya"]
[Date "1973.??.??"]
[Round "1"]
[White "Saidy, Anthony Fred"]
[Black "Peretz, Malkiel"]
[Result "1/2-1/2"]
[WhiteElo "2425"]
[BlackElo "2365"]

1.d4 Nf6 2.c4 e6 3.Nc3 d5 4.cxd5 exd5 5.Bg5 Be7 6.e3 O-O 7.Bd3 c6 8.Qc2 Nbd7
9.Nge2 Re8 10.O-O Ne4 11.Bf4 f5 12.Nxd5 Bd6 13.Ndc3 Ndf6 14.Rae1 Kh8 15.Bxd6 Qxd6
16.Bxe4 Nxe4 17.Nf4 Nf6 18.h3 Be6 19.Rc1 g5 20.Nxe6 Qxe6 21.Qb3 Qe7 22.d5 g4
23.hxg4 Nxg4 24.Qa4 c5 25.Qf4 Rg8 26.Ne2 Ne5 27.d6 Qg7 28.Ng3 Nd3 29.Qxf5 Nxc1
30.Rxc1 b6 31.Rc2 Raf8 32.Qd5 Qh6 33.Nf5 Qg5 34.Ne7  1/2-1/2

[Event "Netanya-A"]
[Site "Netanya"]
[Date "1973.??.??"]
[Round "1"]
[White "Yanofsky, Daniel Abraham"]
[Black "Kaldor, Avraham"]
[Result "1-0"]
[WhiteElo "2460"]
[BlackElo "2200"]

1.d4 Nf6 2.c4 e6 3.Nf3 d5 4.Nc3 c5 5.cxd5 Nxd5 6.e3 Nc6 7.Bd3 Be7 8.O-O O-O
9.a3 cxd4 10.exd4 Nf6 11.Bc2 b6 12.Qd3 Bb7 13.Bg5 g6 14.Rfd1 Rc8 15.Rac1 Re8
16.Ba4 a6 17.b4 b5 18.Bb3 Nb8 19.Ne5 Nbd7 20.Qh3 Nd5 21.Nxf7  1-0

[Event "Netanya-A"]
[Site "Netanya"]
[Date "1973.??.??"]
[Round "2"]
[White "Peretz, Malkiel"]
[Black "Tatai, Stefano"]
[Result "0-1"]
[WhiteElo "2365"]
[BlackElo "2460"]

1.e4 e6 2.d4 d5 3.Nd2 Nf6 4.e5 Nfd7 5.f4 c5 6.dxc5 Bxc5 7.Qg4 O-O 8.Ngf3 f5
9.Qh3 Qb6 10.Bd3 Bf2+ 11.Ke2 Nc5 12.Ng5 h6 13.Rf1 Nxd3 14.cxd3 Bc5 15.Ngf3 Bd7
16.Nb3 Bb5 17.Bd2 Nc6 18.Rfc1 Be7 19.Ne1 a5 20.Be3 d4 21.Bf2 a4 22.Nd2 Bb4
23.Nc2 Bxd2 24.Kxd2 Ba6 25.Rab1 Qa5+ 26.Ke2 Qd5 27.Qf3 Qxa2 28.Be1 Qb3 29.Na3 Rac8
30.Nc4 Nb4 31.Bxb4 Qxb4 32.Nd2 Rxc1 33.Rxc1 Qxb2 34.Rc7 Qb6 35.Re7 Qc5 36.Rd7 Bb5
37.Rd6 a3 38.Qxb7 a2  0-1

[Event "Netanya-A"]
[Site "Netanya"]
[Date "1973.??.??"]
[Round "2"]
[White "Pachman, Ludek"]
[Black "Camara, Helder"]
[Result "1-0"]
[WhiteElo "2510"]
[BlackElo "2405"]

1.Nf3 Nf6 2.c4 g6 3.Nc3 Bg7 4.e4 d6 5.d4 O-O 6.Be2 e5 7.O-O Nbd7 8.Re1 c6
9.Bf1 Qc7 10.b3 Re8 11.Bb2 exd4 12.Nxd4 Nc5 13.Qc2 a5 14.Rad1 Bd7 15.Ba3 Bf8
16.f3 Rad8 17.Bc1 h6 18.Be3 Bc8 19.Qf2 Kh7 20.Rd2 Qe7 21.Nc2 Nfd7 22.Bd4 Ne6
23.Nd5 cxd5 24.exd5 Ndc5 25.dxe6 Bxe6 26.Ne3 Qc7 27.Red1 b6 28.Ba1 h5 29.Nd5 Bxd5
30.Rxd5 Qe7 31.Kh1 Bg7 32.Bxg7 Kxg7 33.Qd4+ Qf6 34.Qxf6+ Kxf6 35.Rxd6+ Rxd6
36.Rxd6+ Re6 37.Rd1 Re3 38.Kg1 Ke6 39.Kf2 Rc3 40.Rd2 Rc1 41.Be2 Ra1 42.h4 Na6
43.g4 Nb4 44.c5 bxc5 45.Bc4+ Ke7 46.a4 Rc1 47.Ke3 Nc2+ 48.Ke4 Nd4 49.gxh5 gxh5
50.Kd5 Ne6 51.Kc6 Nd4+ 52.Kd5 Ne6 53.f4 Kf6 54.Kd6 Rc3 55.Rd5 Rf3 56.Rxh5 Rxf4
57.Rh8 Rd4+ 58.Kc6 Kg7 59.Ra8 Rxh4 60.Rxa5 Nd4+ 61.Kxc5 Rh5+ 62.Kb6 Rh6+
63.Kc7 Rh3 64.Rb5 f5 65.Rb7 Rc3 66.Kd6+ Kf6 67.a5  1-0

[Event "Netanya-A"]
[Site "Netanya"]
[Date "1973.??.??"]
[Round "2"]
[White "Kaldor, Avraham"]
[Black "Romm, Meir"]
[Result "1-0"]
[WhiteElo "2200"]
[BlackElo "2200"]

1.c4 Nf6 2.Nc3 e6 3.Nf3 c5 4.g3 b6 5.Bg2 Bb7 6.O-O Be7 7.d4 cxd4 8.Qxd4 O-O
9.Rd1 Nc6 10.Qf4 Qb8 11.Qxb8 Raxb8 12.Bf4 Rbc8 13.Bd6 Bxd6 14.Rxd6 Nb8 15.b3 Ne8
16.Rd3 Ba6 17.e4 Bb7 18.Rad1 Bc6 19.Nd4 Nc7 20.f4 a6 21.Nxc6 dxc6 22.e5 a5
23.Na4 Na8 24.Rd6 g6 25.Nc3 Kg7 26.Ne4 b5 27.cxb5 Nc7 28.b6 Nd5 29.b7 Rc7
30.Nc5 Re8 31.Rd4 Nb4 32.a3 Nd5 33.Ra4 Kf8 34.Rxa5 Nb6 35.Ra7 Ke7 36.a4 N6d7
37.Nxd7 Rxd7 38.Bxc6  1-0

[Event "Netanya-A"]
[Site "Netanya"]
[Date "1973.??.??"]
[Round "2"]
[White "Friedman, Shmuel"]
[Black "Porath, Yosef"]
[Result "1-0"]
[WhiteElo "2200"]
[BlackElo "2340"]

1.d4 d5 2.c4 dxc4 3.Nf3 Nf6 4.e3 Bg4 5.Bxc4 e6 6.O-O Nbd7 7.Qe2 Bd6 8.e4 e5
9.d5 O-O 10.h3 Bh5 11.Nc3 Bg6 12.Bg5 Be7 13.Bxf6 Bxf6 14.Rac1 Be7 15.Bd3 Bd6
16.Nd2 f5 17.exf5 Bxf5 18.Bxf5 Rxf5 19.Nde4 a6 20.Qg4 Qf8 21.Nxd6 cxd6 22.Ne4 Nc5
23.Nxc5 dxc5 24.d6 Rd8 25.Rcd1 g6 26.Qc4+ Kg7 27.Qxc5 Rf6 28.Qc7+ Rf7 29.d7 Qe7
30.Qxb7 Qe6 31.Rfe1 Rfxd7 32.Rxd7+ Rxd7 33.Qb8 Re7 34.b3 h5 35.Rd1 Qf5 36.Rd2 Qb1+
37.Kh2 Qc1 38.Qd6 Kf7 39.g3 e4 40.Qf4+ Kg7 41.Rd7 Qc5 42.Qe3 Qe5 43.Qd4 Qxd4
44.Rxd4 e3 45.fxe3 Rxe3 46.Ra4 Re6 47.Kg2 g5 48.Kf3 Kg6 49.Ra5 Kf6 50.h4 gxh4
51.gxh4 Kg6 52.Kf4 Rf6+ 53.Ke4 Rd6 54.Rg5+ Kh6 55.Rd5 Rb6 56.Ke5 Rb4 57.Rd4 Rb5+
58.Kd6 Kg6 59.Ra4 Rb6+ 60.Kc7 Re6 61.Ra5 Re7+ 62.Kb6 Re4 63.Ra4 Re6+ 64.Kb7 Kf5
65.Rxa6 Re7+ 66.Kc8 Kg4 67.Ra4+ Kg3 68.Rc4 Re2 69.a4 Rb2 70.b4  1-0

[Event "Netanya-A"]
[Site "Netanya"]
[Date "1973.??.??"]
[Round "2"]
[White "Czerniak, Moshe"]
[Black "Kavalek, Lubomir"]
[Result "0-1"]
[WhiteElo "2370"]
[BlackElo "2565"]

1.e4 c5 2.Nf3 Nc6 3.Bb5 g6 4.O-O Bg7 5.c3 Nf6 6.Re1 O-O 7.d4 cxd4 8.cxd4 d5
9.e5 Ne4 10.Nc3 Nxc3 11.bxc3 Bd7 12.Bd3 Rc8 13.Ng5 e6 14.Qg4 h6 15.Nxf7 Rxf7
16.Qxg6 Qh4 17.g3 Qh3 18.Qh7+ Kf8 19.Bg6 Ne7 20.Bxf7 Kxf7 21.Qd3 Nf5 22.Re2 a6
23.a4 Rc4 24.Rb2 Kg8 25.Qf1 Qxf1+ 26.Kxf1 b5 27.Bd2 bxa4 28.Rb6 Bb5 29.Kg2 Kf7
30.g4 Ne7 31.f4 Rc7 32.h4 Nc6 33.f5 Bf8 34.Bc1 h5 35.fxe6+ Kxe6 36.gxh5 Be7
37.Bg5 Kf5 38.Bxe7 Rxe7 39.Ra2 Kg4 40.h6 Rh7 41.Kg1 Kxh4 42.Rg2 Kh5 43.Kf2 a3
44.Ke3 Kh4 45.Ra2 Kg5 46.Rxa3 Rxh6 47.Ra1 Rh3+ 48.Kd2 Rh2+ 49.Kc1 Kf5 50.Raxa6 Bxa6
51.Rxa6 Rh6 52.Kb2 Ke4 53.Rb6 Kd3 54.Rb5 Ne7 55.Rc5 Rb6+ 56.Ka3 Rc6 57.Kb4 Rb6+
58.Ka4 Rb7 59.Ka3 Nf5 60.Ka4 Ne3 61.Ka5 Rb3 62.e6 Rb7 63.Ka6 Re7 64.Rc6 Ke4
65.Kb6 Kf5 66.Kc5 Rxe6 67.Rc8 Ke4 68.Rd8 Re7 69.Kd6 Ra7 70.Re8+ Kd3 71.Rxe3+ Kxe3
72.Kxd5 Ra5+ 73.Kc6 Ke4  0-1

[Event "Netanya-A"]
[Site "Netanya"]
[Date "1973.??.??"]
[Round "2"]
[White "Domnitz, Zadok"]
[Black "Kraidman, Yair"]
[Result "1-0"]
[WhiteElo "2350"]
[BlackElo "2455"]

1.e4 c5 2.Nc3 d6 3.g3 Nc6 4.Bg2 g6 5.d3 Bg7 6.Be3 Nd4 7.a4 a6 8.h3 e6 9.Nf3 Ne7
10.Qd2 Bd7 11.O-O O-O 12.Bh6 e5 13.Ne1 b5 14.Bxg7 Kxg7 15.axb5 axb5 16.Rxa8 Qxa8
17.f4 Qa1 18.f5 f6 19.fxg6 hxg6 20.Nd1 g5 21.c3 Qc1 22.Qxc1 Ne2+ 23.Kf2 Nxc1
24.Ke3 Nb3 25.Nf3 g4 26.hxg4 Bxg4 27.Nd2 Nxd2 28.Kxd2 Bxd1 29.Rxd1 Ra8 30.Kc2 Rh8
31.Rh1 Rxh1 32.Bxh1 Kg6 33.Bf3 Kg5 34.Kd2 f5 35.exf5 Nxf5 36.Bc6 b4 37.Bd7 Nxg3
38.cxb4 cxb4 39.Kc2 Kf4 40.Kb3 Ke3 41.Bb5 Ne2 42.Kxb4 d5 43.Kc5 Nf4 44.b4 d4
45.Kd6 Nxd3 46.Bxd3 e4 47.Bb1  1-0

[Event "Netanya-A"]
[Site "Netanya"]
[Date "1973.??.??"]
[Round "2"]
[White "Damjanovic, Mato"]
[Black "Yanofsky, Daniel Abraham"]
[Result "1/2-1/2"]
[WhiteElo "2465"]
[BlackElo "2460"]

1.e4 e5 2.Nf3 Nc6 3.Bb5 a6 4.Ba4 Nf6 5.O-O Be7 6.Re1 b5 7.Bb3 d6 8.c3 O-O
9.h3 Nb8 10.d4 Nbd7 11.Nbd2 Bb7 12.Bc2 Re8 13.Nf1 Bf8 14.Ng3 g6 15.a4 c5
16.d5 c4 17.Nh2 Bg7 18.Bg5 h6 19.Be3 Kh7 20.Qd2 Nc5 21.Ra3 Qc7 22.Rea1 Reb8
23.Qd1 Bc8 24.axb5 Rxb5 25.Bc1 Rab8 26.Nf3 Nfd7 27.Nd2 Nb6 28.Qe2 Ncd7 29.Ngf1 Bb7
30.Ne3 Rc8 31.g3 Nf6 32.Qf1 Rc5 33.Bd1 h5 34.Bf3 Bh6 35.Qe2 Rb5 36.Bg2 Kg7
37.R3a2 Nfd7 38.Bf1 Rc5 39.Nf3 Qd8 40.Nh4 Kh7 41.Bd2 Rb5 42.Rd1 Qf6 43.Nc2 Bxd2
44.Qxd2 Nc5 45.Qe3 Nb3 46.Na3 Rbc5 47.Nf3 R8c7 48.Ng5+ Kg8 49.Bg2 Re7 50.Nb1 a5
51.Nd2 Ba6 52.h4 a4 53.Bh3 Bb5 54.Nf1 Nd7 55.Qe2 Rc7 56.Bxd7 Rexd7 57.Ne3 Nc5
58.Nc2 Nd3 59.Nb4 Ra7 60.Qe3 Nc5 61.Rf1 Re7 62.Raa1 Rab7 63.f4 exf4 64.Rxf4 Qg7
65.Raf1 f5 66.Qf3 Nxe4 67.Nxe4 Rxe4 68.Rxe4 fxe4 69.Qxe4 Re7 70.Qf4 Re5 71.Qf6 Qxf6
72.Rxf6 Re2 73.Rf2 Re3 74.Nc2 Rxg3+ 75.Rg2 Rd3 76.Rxg6+ Kf7 77.Rg5 Ke7 78.Rg2 Rxd5
79.Nd4 Bd7 80.Kf2 Ra5 81.Kf3 a3 82.bxa3 Rxa3 83.Ne2  1/2-1/2

[Event "Netanya-A"]
[Site "Netanya"]
[Date "1973.??.??"]
[Round "3"]
[White "Yanofsky, Daniel Abraham"]
[Black "Friedman, Shmuel"]
[Result "1/2-1/2"]
[WhiteElo "2460"]
[BlackElo "2200"]

1.d4 Nf6 2.c4 g6 3.Nc3 d5 4.cxd5 Nxd5 5.e4 Nxc3 6.bxc3 Bg7 7.Bc4 c5 8.Ne2 Nc6
9.Be3 O-O 10.O-O Qc7 11.Rc1 Rd8 12.Bf4 Qd7 13.dxc5 Ne5 14.Bxe5 Bxe5 15.Qb3 e6
16.f4 Bg7 17.f5 Qe7 18.fxe6 Bxe6 19.Bxe6 fxe6 20.Nf4 Re8 21.Nd3 Rad8 22.Qc4 Bf8  1/2-1/2

[Event "Netanya-A"]
[Site "Netanya"]
[Date "1973.??.??"]
[Round "3"]
[White "Tatai, Stefano"]
[Black "Domnitz, Zadok"]
[Result "1-0"]
[WhiteElo "2460"]
[BlackElo "2350"]

1.e4 e5 2.Nf3 Nc6 3.Bb5 a6 4.Ba4 Nf6 5.O-O Be7 6.Re1 b5 7.Bb3 O-O 8.c3 d6
9.h3 h6 10.d4 Re8 11.Nbd2 Bf8 12.Nf1 Bd7 13.Ng3 Na5 14.Bc2 c5 15.b3 g6 16.Be3 Qc7
17.Qd2 Kh7 18.d5 Nb7 19.c4 Na5 20.Qc3 bxc4 21.bxc4 Reb8 22.Bd2 Rb4 23.Qd3 Nxc4
24.Bxb4 cxb4 25.Rec1 Na3 26.Ba4 Qb6 27.Bc6 Ra7 28.Nd2 a5 29.Qf3 Kg7 30.Nc4 Nxc4
31.Rxc4 Bc8 32.Ba4 Ba6 33.Rc6 Qb8 34.Rac1 Qd8 35.Qe3 Ra8 36.Rc7 Qb8 37.h4 Ne8
38.Bxe8 Qxe8 39.h5 Be7 40.hxg6 fxg6 41.Qb6  1-0

[Event "Netanya-A"]
[Site "Netanya"]
[Date "1973.??.??"]
[Round "3"]
[White "Porath, Yosef"]
[Black "Pachman, Ludek"]
[Result "1/2-1/2"]
[WhiteElo "2340"]
[BlackElo "2510"]

1.d4 Nf6 2.c4 e6 3.Nc3 Bb4 4.Qc2 O-O 5.a3 Bxc3+ 6.Qxc3 d6 7.g3 Qe7 8.Nf3 b6
9.Bg2 Bb7 10.O-O Nbd7 11.Bg5 h6 12.Bxf6 Nxf6 13.Ne1 c5 14.Rd1 d5 15.dxc5 bxc5
16.cxd5 exd5 17.Nd3 Rac8 18.Qe5 Qxe5 19.Nxe5 a5 20.Rd2 Rfd8 21.Rfd1 c4 22.f4 c3
23.bxc3 Rxc3 24.Rd3  1/2-1/2

[Event "Netanya-A"]
[Site "Netanya"]
[Date "1973.??.??"]
[Round "3"]
[White "Kraidman, Yair"]
[Black "Czerniak, Moshe"]
[Result "1-0"]
[WhiteElo "2455"]
[BlackElo "2370"]

1.c4 g6 2.d4 Bg7 3.e4 d6 4.Nc3 Nc6 5.Be3 e5 6.d5 Nce7 7.Qd2 f5 8.f3 Nf6 9.Bd3 O-O
10.Nge2 fxe4 11.Nxe4 Nf5 12.Bg5 c6 13.dxc6 bxc6 14.O-O Rb8 15.N2c3 Nxe4 16.Bxe4 Bf6
17.Bxf6 Rxf6 18.b3 Qb6+ 19.Kh1 Qd4 20.Qc1 Bd7 21.Rd1 Qf2 22.Rd2 Qe3 23.Ne2 Nd4
24.Nxd4 exd4 25.Qb2 c5 26.Re2 Qg5 27.Qa3 Rbf8 28.Qxa7 Be6 29.Qa5 Kg7 30.Qe1 Rb8
31.Qd1 Rf7 32.Qd3 Bd7 33.Rae1 Qh4 34.Kg1 Rbf8 35.Qd2 Bf5 36.Bd5 Ra7 37.g4 Bc8
38.Kg2 Qf6 39.h4 h5 40.gxh5 gxh5 41.Kh1 Kh7 42.Rg1 Rg7 43.Rxg7+ Kxg7 44.Rg2+ Kh8
45.Qg5 Qxg5 46.Rxg5 d3 47.Be4 d2 48.Rxh5+ Kg7 49.Rd5 Bb7 50.Rxd2 Bxe4 51.fxe4 Rf4
52.Rxd6 Rxh4+ 53.Kg2  1-0

[Event "Netanya-A"]
[Site "Netanya"]
[Date "1973.??.??"]
[Round "3"]
[White "Kavalek, Lubomir"]
[Black "Kaldor, Avraham"]
[Result "1-0"]
[WhiteElo "2565"]
[BlackElo "2200"]

1.Nf3 Nf6 2.g3 b6 3.Bg2 Bb7 4.O-O e6 5.c4 Be7 6.b3 O-O 7.Bb2 d5 8.e3 c5 9.Qe2 Nc6
10.d3 Qd7 11.Rd1 Rfd8 12.cxd5 Nxd5 13.Nc3 Rab8 14.Rac1 Ncb4 15.Ne5 Qe8 16.Nxd5 Bxd5
17.Bxd5 Rxd5 18.e4 Rdd8 19.d4 Rbc8 20.dxc5 Rxc5 21.Rxc5 Rxd1+ 22.Qxd1 Bxc5
23.a3 Nc6 24.b4 Be7 25.Qa4 Bf6 26.Nxc6 Bxb2 27.Qxa7 Bxa3 28.Qxb6 h5 29.b5 Qd7
30.Qb8+ Kh7 31.Qa7 Qd1+ 32.Kg2 h4 33.Qxa3 h3+ 34.Kxh3 Qf1+ 35.Kg4 Qe2+ 36.f3 Qxh2
37.Qd3 g6 38.e5 Qg1 39.Qd7  1-0

[Event "Netanya-A"]
[Site "Netanya"]
[Date "1973.??.??"]
[Round "3"]
[White "Romm, Meir"]
[Black "Damjanovic, Mato"]
[Result "0-1"]
[WhiteElo "2200"]
[BlackElo "2465"]

1.d4 Nf6 2.c4 c5 3.d5 b5 4.cxb5 a6 5.bxa6 Bxa6 6.Nc3 g6 7.Nf3 d6 8.Nd2 Bg7
9.e4 Bxf1 10.Nxf1 Qa5 11.Nd2 Nfd7 12.O-O O-O 13.Qe2 Bxc3 14.Nb3 Qa6 15.Qxa6 Nxa6
16.bxc3 Nc7 17.Bh6 Rfb8 18.Rfb1 Nb5 19.Bd2 Na3 20.Rc1 Ne5 21.Bh6 f6 22.h4 Ra4
23.f3 Kf7 24.Kf1 f5 25.exf5 gxf5 26.Bg5 Rg8 27.Rd1 h6 28.Bxh6 Rxh4 29.Be3 Nec4
30.Bf2 Rh2 31.g3 Nc2 32.Re1 Nxa1 33.Rxa1 Rh1+  0-1

[Event "Netanya-A"]
[Site "Netanya"]
[Date "1973.??.??"]
[Round "4"]
[White "Friedman, Shmuel"]
[Black "Romm, Meir"]
[Result "1-0"]
[WhiteElo "2200"]
[BlackElo "2200"]

1.c4 g6 2.Nc3 Bg7 3.g3 e5 4.Bg2 d6 5.Nf3 Nf6 6.d4 Nbd7 7.O-O O-O 8.h3 Re8
9.Be3 c6 10.Rc1 a6 11.dxe5 dxe5 12.Ng5 Qe7 13.Nge4 Nh5 14.c5 f5 15.Bg5 Ndf6
16.Nd6 Rf8 17.e4 h6 18.Bxf6 Nxf6 19.Qb3+ Kh8 20.exf5 gxf5 21.Rcd1 e4 22.f3 e3
23.Rd3 f4 24.gxf4 Nh5 25.Ne2 Nxf4 26.Nxf4 Rxf4 27.Re1 Qg5 28.Rdxe3 Bd4 29.Kh2 Bxe3
30.Rxe3 Bd7 31.Qc3+ Qf6 32.Re7 Rd4 33.Rxd7 Qe5+ 34.f4 Qxf4+ 35.Kh1 Kg8 36.Qc2 Kf8
37.Rf7+ Qxf7 38.Nxf7 Kxf7 39.Qf2+  1-0

[Event "Netanya-A"]
[Site "Netanya"]
[Date "1973.??.??"]
[Round "4"]
[White "Czerniak, Moshe"]
[Black "Tatai, Stefano"]
[Result "0-1"]
[WhiteElo "2370"]
[BlackElo "2460"]

1.e4 c5 2.b3 Nc6 3.Bb2 e6 4.Nf3 Nf6 5.Nc3 d6 6.g3 Be7 7.Bg2 O-O 8.d4 cxd4
9.Nxd4 Bd7 10.O-O Nxd4 11.Qxd4 Qc7 12.a4 a6 13.Qd2 Rac8 14.Rac1 Rfd8 15.f4 b5
16.axb5 axb5 17.f5 e5 18.Nd1 b4 19.c4 bxc3 20.Rxc3 Qb6+ 21.Qe3 Qb4 22.Nf2 Rxc3
23.Qxc3 Rb8 24.Qxb4 Rxb4 25.Ra1 Rxb3 26.Ra8+ Bf8 27.Ra2 g6 28.g4 Bh6 29.h4 Be3
30.Bf3 Bc6 31.Kg2 gxf5 32.gxf5 Bxf2 33.Kxf2 Bxe4 34.Be2 Bd5 35.Bc1 Rh3 36.Ra4 Ne4+
37.Kg2 Rc3 38.Ra1 Rc2 39.Kf3 Nc3+ 40.Ke3 Rxe2+ 41.Kd3 Ra2  0-1

[Event "Netanya-A"]
[Site "Netanya"]
[Date "1973.??.??"]
[Round "4"]
[White "Damjanovic, Mato"]
[Black "Kavalek, Lubomir"]
[Result "1/2-1/2"]
[WhiteElo "2465"]
[BlackElo "2565"]

1.b3 e5 2.Bb2 d6 3.c4 Nf6 4.Nc3 g6 5.d4 exd4 6.Qxd4 Nc6 7.Qd2 Bg7 8.Nf3 O-O
9.e3 Ne5 10.Be2 Bg4 11.Nxe5 dxe5 12.Rd1 Qxd2+ 13.Rxd2 Rfd8 14.Bxg4 Nxg4 15.Rc2 Rd7
16.h3 Nf6 17.Ke2 Rad8 18.Rd1 Rxd1 19.Nxd1 Ne4 20.Nc3 Nxc3+  1/2-1/2

[Event "Netanya-A"]
[Site "Netanya"]
[Date "1973.??.??"]
[Round "4"]
[White "Saidy, Anthony Fred"]
[Black "Porath, Yosef"]
[Result "1-0"]
[WhiteElo "2425"]
[BlackElo "2340"]

1.c4 Nf6 2.d4 e6 3.Nc3 Bb4 4.e3 c5 5.Ne2 cxd4 6.exd4 d5 7.c5 Ne4 8.Bd2 Nxd2
9.Qxd2 Nc6 10.a3 Bxc3 11.Nxc3 O-O 12.Be2 b6 13.O-O a5 14.Na4 bxc5 15.dxc5 Rb8
16.Nb6 e5 17.b4 axb4 18.axb4 Be6 19.Ra4 Nd4 20.Qe3 Qf6 21.Rd1 Rfd8 22.Bf1 Nf5
23.Qf3 e4 24.Qf4 g5 25.Qc1 d4 26.Ra6 e3 27.Qb2 exf2+ 28.Qxf2 Qe5 29.Re1 Ne3
30.Ra3 Qc7 31.Raxe3 dxe3 32.Qxe3 Qf4 33.Qxf4 gxf4 34.Re4 f3 35.gxf3 Rd2 36.Be2 Kg7
37.Kf2 Kf6 38.Ke3 Rb2 39.b5 Ke7 40.Nd5+ Kd8 41.Nf4 Rb3+ 42.Kd4 Bf5 43.Re5 Bb1
44.Nd5 R8xb5 45.Bxb5 Rxb5 46.c6 Rb2 47.c7+  1-0

[Event "Netanya-A"]
[Site "Netanya"]
[Date "1973.??.??"]
[Round "4"]
[White "Peretz, Malkiel"]
[Black "Domnitz, Zadok"]
[Result "1-0"]
[WhiteElo "2365"]
[BlackElo "2350"]

1.e4 e5 2.Nf3 Nc6 3.Bb5 a6 4.Bxc6 dxc6 5.O-O f6 6.d4 Bg4 7.dxe5 Qxd1 8.Rxd1 Bxf3
9.gxf3 fxe5 10.f4 Nf6 11.fxe5 Nxe4 12.f3 Nc5 13.Nc3 Be7 14.f4 Rf8 15.Be3 Ne6
16.Rf1 g6 17.Rad1 Rd8 18.Rxd8+ Kxd8 19.Ne2 Ng7 20.Kg2 Nf5 21.Kf3 Kd7 22.Ke4 Ke6
23.Rf3 c5 24.Rh3 h5 25.Rf3 Rd8 26.Rf1 h4 27.Rg1 Kf7 28.Nc3 c6 29.Kf3 Ng7
30.Ne4 Ne6 31.Bf2 b5 32.Rg4 Rd1 33.Bxh4 Nd4+ 34.Kf2 Bxh4+ 35.Rxh4 Rc1 36.Rh7+ Ke6
37.Ng5+ Kd5 38.b3 Rxc2+ 39.Kf1 Rc1+ 40.Kg2 Rc2+ 41.Kh3 Nxb3 42.axb3 Rc3+
43.Kg4 Rxb3 44.Rd7+ Kc4 45.f5 gxf5+ 46.Kxf5 Rb2 47.e6 Rf2+ 48.Ke5 Rf8 49.Ne4  1-0

[Event "Netanya-A"]
[Site "Netanya"]
[Date "1973.??.??"]
[Round "4"]
[White "Pachman, Ludek"]
[Black "Yanofsky, Daniel Abraham"]
[Result "1-0"]
[WhiteElo "2510"]
[BlackElo "2460"]

1.Nf3 Nf6 2.c4 e6 3.Nc3 d5 4.d4 c5 5.cxd5 Nxd5 6.e3 Nc6 7.Bc4 Nf6 8.O-O Be7
9.Qe2 O-O 10.Rd1 cxd4 11.exd4 Nb4 12.Bg5 Nbd5 13.Ne5 Nxc3 14.bxc3 Nd5 15.Bxe7 Qxe7
16.Qf3 Qd6 17.Bb3 Rb8 18.c4 Nf6 19.Qe3 Bd7 20.f4 Rbd8 21.a4 Bc6 22.a5 a6
23.Bc2 g6 24.Rab1 Nd7 25.h4 Nxe5 26.fxe5 Qc7 27.Rb6 Qe7 28.h5 Qh4 29.hxg6 hxg6
30.Bb3 Qg4 31.d5 exd5 32.Rd4 Qf5 33.cxd5 Bb5 34.Rf6 Qb1+ 35.Rd1 Qb2 36.d6 Kg7
37.Rf2 Qa3 38.Qf3 Qc5 39.Qf6+ Kh7 40.Bxf7 Rg8 41.e6  1-0

[Event "Netanya-A"]
[Site "Netanya"]
[Date "1973.??.??"]
[Round "4"]
[White "Kaldor, Avraham"]
[Black "Kraidman, Yair"]
[Result "0-1"]
[WhiteElo "2200"]
[BlackElo "2455"]

1.e4 c5 2.Nc3 d6 3.g3 Nc6 4.Bg2 g6 5.d3 Bg7 6.f4 e6 7.Nf3 Nge7 8.O-O O-O
9.Bd2 b6 10.Rb1 Bb7 11.a3 Rc8 12.e5 dxe5 13.Nxe5 Nd5 14.Ne4 Qc7 15.Nc4 Rcd8
16.c3 Rd7 17.Qe2 Rfd8 18.Rbd1 Ba6 19.Bc1 Nf6 20.Ng5 Bb7 21.Rfe1 h6 22.Nf3 Ne8
23.g4 Ba6 24.Qc2 Kh7 25.Qa4 Bb7 26.Nfe5 Nxe5 27.Nxe5 Bxg2 28.Kxg2 Qb7+ 29.Kg1 b5
30.Qe4 Qxe4 31.Rxe4 Bxe5 32.Rxe5 Rxd3 33.Rxd3 Rxd3 34.Be3 Nf6 35.h3 a6 36.f5 Nd7
37.Re4 gxf5 38.gxf5 exf5 39.Re7 Kg6 40.Kf2 Nf6 41.Ke2 c4 42.Ra7 Rd6 43.Bd4 Ne4
44.Rc7 Ng5 45.Rc8 Nxh3 46.a4 Re6+ 47.Kf1 f4 48.a5 f3 49.Ra8 Kf5  0-1